1604 1901 1647 1755 1234 1513 1252 1434 1136 1506 1966 1611 1442 1045 1886 1368 1255 1368 1870 1537 1686 1907 1592 1527 1141 1846 1779 1622 1581 1892 1522 1957 1528 1679 1447 1502 1265 1070 1750 1586 1631 1999 1889 1630 1288 1937 1782 1587 1217 1708 1482 1798 1618 1604 1466 1259 1622 1507 1878 1980 1660 1977 1809 1751 1830 1691 1669 1058 1357 1655 1853 1921 1171 1986 1566 1215 1882 1667 1755 1717 1877 1896 1896 1832 1616 1075 1401 1944 1424 1620 1895 1215 1026 1468 1299 1365 1593 1721 1214 BCNSPRNW ULIB Ver.6.0+V

เปลี่ยนเป็นภาษาไทย

Change to English
 แสดงรายละเอียดบรรณานุกรม
  กลับหน้าหลัก

Brief Record : Get Marc (ISO 2709) : E-mail record : QR code < ปิดหน้าต่าง
LEADER : 00000nam 2200000uu 4500
001    13399125362
003     ULIB
008    170511s2558||||th 000 0 tha d
020    ^a9786169252504
060  0 ^aHV636^bค695^c2558
110 1  ^aสมาคมดับเพลิงและช่วยชีวิต
245 00 ^aคู่มือการดับไฟ กู้ภัย กู้ชีพ FARA
260    ^aกรุงเทพฯ :^bสมาคมดับเพลิงและช่วยชีวิต; 2558
300    ^aไม่ปรากฎจำนวนหน้า
650  4 ^aวาตภัย
650  4 ^aกู้ภัย-- กุู้ชีพ
650  4 ^aการดับไฟ
710 1  ^aสมาคมดับเพลิงและช่วยชีวิต
945    ^p0^l0^i23916
945    ^p0^l0^i23917
945    ^p0^l0^i23918
945    ^p0^l0^i23919
945    ^p0^l0^i23920
945    ^p0^l0^i23921
945    ^p0^l0^i23922
945    ^p0^l0^i23923
945    ^p0^l0^i23924
945    ^p0^l0^i23925
999    ^aกัณชพร
รายการนี้ยังไม่มีแท็ก
คุณยังไม่ได้ล็อกอิน คุณสามารถมีกิจกรรมร่วมกับเว็บไซต์ได้ แต่ต้องล็อกอินก่อน ::
  ล็อกอิน

รายการสื่อสารสนเทศ

ลำดับที่ ประเภท เลขเรียก/บาร์โค้ด สถานที่ สถานะ
1. หนังสือสำรอง
หนังสือสำรอง
HV636 ค695 2558 ฉ.1 
  Barcode: 23916
ห้องสมุดวิทยาเขตนครสวรรค์
►หนังสือทั่วไป:l:General Books
บนชั้น
2. วิทยาศาสตร์การแพทย์ และสุขภาพ
วิทยาศาสตร์การแพทย์ และสุขภาพ
HV636 ค695 2558 ฉ.10 
  Barcode: 23925
ห้องสมุดวิทยาเขตนครสวรรค์
►หนังสือทั่วไป:l:General Books
บนชั้น
3. วิทยาศาสตร์การแพทย์ และสุขภาพ
วิทยาศาสตร์การแพทย์ และสุขภาพ
HV636 ค695 2558 ฉ.2 
  Barcode: 23917
ห้องสมุดวิทยาเขตนครสวรรค์
►หนังสือทั่วไป:l:General Books
บนชั้น
4. วิทยาศาสตร์การแพทย์ และสุขภาพ
วิทยาศาสตร์การแพทย์ และสุขภาพ
HV636 ค695 2558 ฉ.3 
  Barcode: 23918
ห้องสมุดวิทยาเขตนครสวรรค์
►หนังสือทั่วไป:l:General Books
บนชั้น
5. วิทยาศาสตร์การแพทย์ และสุขภาพ
วิทยาศาสตร์การแพทย์ และสุขภาพ
HV636 ค695 2558 ฉ.4 
  Barcode: 23919
ห้องสมุดวิทยาเขตนครสวรรค์
►หนังสือทั่วไป:l:General Books
บนชั้น
6. วิทยาศาสตร์การแพทย์ และสุขภาพ
วิทยาศาสตร์การแพทย์ และสุขภาพ
HV636 ค695 2558 ฉ.5 
  Barcode: 23920
ห้องสมุดวิทยาเขตนครสวรรค์
►หนังสือทั่วไป:l:General Books
บนชั้น
7. วิทยาศาสตร์การแพทย์ และสุขภาพ
วิทยาศาสตร์การแพทย์ และสุขภาพ
HV636 ค695 2558 ฉ.6 
  Barcode: 23921
ห้องสมุดวิทยาเขตนครสวรรค์
►หนังสือทั่วไป:l:General Books
บนชั้น
8. วิทยาศาสตร์การแพทย์ และสุขภาพ
วิทยาศาสตร์การแพทย์ และสุขภาพ
HV636 ค695 2558 ฉ.7 
  Barcode: 23922
ห้องสมุดวิทยาเขตนครสวรรค์
►หนังสือทั่วไป:l:General Books
บนชั้น
9. วิทยาศาสตร์การแพทย์ และสุขภาพ
วิทยาศาสตร์การแพทย์ และสุขภาพ
HV636 ค695 2558 ฉ.8 
  Barcode: 23923
ห้องสมุดวิทยาเขตนครสวรรค์
►หนังสือทั่วไป:l:General Books
บนชั้น
10. วิทยาศาสตร์การแพทย์ และสุขภาพ
วิทยาศาสตร์การแพทย์ และสุขภาพ
HV636 ค695 2558 ฉ.9 
  Barcode: 23924
ห้องสมุดวิทยาเขตนครสวรรค์
►หนังสือทั่วไป:l:General Books
บนชั้น

รายการใกล้เคียง
    ชื่อเรื่อง [คู่มือการดับไฟ กู้ภัย กู้ชีพ FARA]

    หัวเรื่อง [วาตภัย]
    หัวเรื่อง [กู้ภัย-- กุู้ชีพ]
    หัวเรื่อง [การดับไฟ]

BibComment


ยังไม่เคยถูกคอมเมนท์

คอมเมนท์ทรัพยากรรายการนี้
  คอมเมนท์: คู่มือการดับไฟ ก..


 Copyright 2026. Bcnsprnw @Library